(Football) Les plus gros transferts du Bayern Munich - Statistiques

Statistiques générales
  • Ce quiz a été pris 1 204 fois
  • Le résultat moyen est 10 sur 15
Statistiques - réponses
Année Provenance Joueurs Montant % Correct
2017 Olympique lyonnais Corentin Tolisso 41,5 M€
88%
2020 Manchester City Leroy Sané 60 M€
88%
2019 Atlético Madrid Lucas Hernández 80 M€
88%
2021 RB Leipzig Dayot Upamecano 42,5 M€
77%
2007 Olympique de Marseille Franck Ribery 30 M€
77%
2022 Liverpool FC Sadio Mané 32 M€
77%
2019 VfB Stuttgart Benjamin Pavard 35 M€
73%
2016 Borussia Dortmund Mats Hummels 35 M€
72%
2011 FC Schalke 04 Manuel Neuer 30 M€
71%
2013 Borussia Dortmund Mario Götze 37 M€
69%
2015 Chakhtar Donetsk Douglas Costa 30 M€
56%
2012 Athletic Club Javi Martínez 40 M€
48%
2016 Benfica Lisbonne Renato Sanches 35 M€
46%
2015 Juventus Turin Arturo Vidal 39,25 M€
40%
2009 VfB Stuttgart Mario Gómez 30 M€
32%
Aucun quiz correspondant
Distribution des résultats
% des personnes avec chaque résultat
Percentile par nombre de réponses
Votre historique - résultats
Vous n’avez pas pris ce quiz